000 01324cam a2200229 4500
001 ABS68067
008 040728n2004 000 0 eng u
035 _a(Sirsi) u126956
100 _aSydenham, A.
245 _aNew rules for business tenancies
260 _c2004
490 _aFarm Tax Brief
_v19(6) July 2004, 7-8(2)
520 _aDiscusses letting land and buildings for commercial purposes. Lettings are governed by the Landlord and Tenant Act 1954 Part II which confers security of tenure after the original fixed term has expired. Tenancies can be brought to end at the fixed time by the landlord and tenant making a joint application to the Court before the tenancy was granted. The Regulatory Reform (Business Tenancies) (England and Wales) Order 2003 has made it unnecessary to apply to the court provided certain conditions are met. Sets out the requirements. Concludes if flexibility is required, landlords may grant a fixed term lease with a rolling break clause which can be exercised by either party.
590 _aABS
590 _aABS
650 _aLANDLORD AND TENANT ACT 1954
650 _aBUSINESS TENANCIES
650 _aFARM DIVERSIFICATION
650 _aREGULATORY REFORM (BUSINESS TENANCIES) (ENGLAND AND WALES) ORDER 2003
690 _aRURAL-FARM BUSINESS MANAGEMENT
942 _n0
999 _c117782
_d117782